Louisiana State Parks - Sudden Death - Statistics

General Stats
  • This quiz has been taken 14 times
  • The average score is 6 of 21
Answers on the Grid
Answers color-coded by a green-red scale on the quiz's grid according to % correct below.
Atchafalaya
Bayou Segnette
Big Bayou
Biloxi
Bogue Chitto
Cameron
Central Toledo Bend
Chemin-A-Haut
Chicot
Cypremort Point
Elm Hall
Fairview–Riverside
Fontainebleau
Grand Isle
Huey Long
Jimmie Davis
Kisatchie
Lake Bistineau
Lake Bruin
Lake Calcasieu
Lake Claiborne
Lake D'Arbonne
Lake Fausse Pointe
Lake Maurepas
Lake Pontchartrain
Menden–Tanner
North Toledo Bend
Ouachita
Palmetto Island
Port-Cros
Poverty Point Reservoir
Red River
Sabine
Saint Bernard
Saint Landry
Sam Houston Jones
South Toledo Bend
Thistlethwaite
Tickfaw
Wildcat–Fishers
 
Answer Stats
Answer % Correct
Bayou Segnette
75%
Grand Isle
75%
Lake Bistineau
50%
Bogue Chitto
25%
Chemin-A-Haut
25%
Chicot
25%
Cypremort Point
25%
Fairview–Riverside
25%
Fontainebleau
25%
Jimmie Davis
25%
Lake Bruin
25%
Lake Claiborne
25%
Lake D'Arbonne
25%
Lake Fausse Pointe
25%
North Toledo Bend
25%
Palmetto Island
25%
Poverty Point Reservoir
25%
Sam Houston Jones
25%
South Toledo Bend
25%
Tickfaw
25%
Saint Bernard
0%
No matching quizzes found
Score Distribution
Percent of People with Each Score
Percentile by Number Answered
Your Score History
You have not taken this quiz